[Event "MTO - 2023"]
[Site ""]
[Date "2023-07-20"]
[Round "4.3"]
[White "Sukandar Irine Kharisma"]
[Black "Bu Xiangzhi"]
[Result "0-1"]
[WhiteTitle "IM"]
[WhiteElo "2358"]
[WhiteCountry "INA"]
[WhiteFideId "7101937"]
[BlackTitle "GM"]
[BlackElo "2676"]
[BlackCountry "CHN"]
[BlackFideId "8601445"]

1. e4 {[%clk 01:40:55]} c5 {[%clk 01:39:31]} 2. Nf3 {[%clk 01:41:15]} d6 {[%clk 01:39:55]} 3. Bb5+ {[%clk 01:41:20]} Nd7 {[%clk 01:40:08]} 4. Ba4 {[%clk 01:41:23]} Nf6 {[%clk 01:39:41]} 5. d3 {[%clk 01:41:32]} g6 {[%clk 01:36:50]} 6. O-O {[%clk 01:41:10]} Bg7 {[%clk 01:37:15]} 7. c4 {[%clk 01:41:21]} O-O {[%clk 01:37:39]} 8. h3 {[%clk 01:41:09]} b6 {[%clk 01:34:31]} 9. Bc6 {[%clk 01:34:06]} Rb8 {[%clk 01:31:47]} 10. Nc3 {[%clk 01:34:24]} Ne5 {[%clk 01:24:07]} 11. Nxe5 {[%clk 01:30:06]} dxe5 {[%clk 01:24:34]} 12. Be3 {[%clk 01:29:44]} Nh5 {[%clk 01:22:40]} 13. Rb1 {[%clk 01:26:54]} Nf4 {[%clk 01:16:16]} 14. b4 {[%clk 01:18:09]} cxb4 {[%clk 01:12:20]} 15. Rxb4 {[%clk 01:17:48]} Qd6 {[%clk 00:46:58]} 16. Qa4 {[%clk 01:17:36]} Qf6 {[%clk 00:42:28]} 17. Kh2 {[%clk 00:35:39]} Qg5 {[%clk 00:31:46]} 18. Rg1 {[%clk 00:35:30]} Qh4 {[%clk 00:30:47]} 19. Bd7 {[%clk 00:31:51]} b5 {[%clk 00:27:03]} 20. Bxc8 {[%clk 00:32:03]} bxa4 {[%clk 00:27:28]} 21. Rxb8 {[%clk 00:32:28]} Nxd3 {[%clk 00:26:16]} 22. f3 {[%clk 00:24:56]} Qf6 {[%clk 00:15:16]} 23. c5 {[%clk 00:18:38]} Nxc5 {[%clk 00:15:23]} 24. Bxc5 {[%clk 00:18:48]} Qc6 {[%clk 00:15:47]} 25. Bxe7 {[%clk 00:18:17]} Rxc8 {[%clk 00:16:13]} 26. Rxc8+ {[%clk 00:18:24]} Qxc8 {[%clk 00:16:39]} 27. Nd5 {[%clk 00:18:48]} f5 {[%clk 00:14:21]} 28. Ba3 {[%clk 00:13:35]} Bf8 {[%clk 00:11:57]} 29. Rc1 {[%clk 00:13:59]} Qa6 {[%clk 00:12:08]} 30. Bxf8 {[%clk 00:12:18]} Kxf8 {[%clk 00:12:36]} 31. Rc7 {[%clk 00:11:13]} h5 {[%clk 00:09:02]} 32. Rd7 {[%clk 00:08:28]} fxe4 {[%clk 00:05:25]} 33. fxe4 {[%clk 00:08:48]} Qe2 {[%clk 00:05:21]} 34. Rxa7 {[%clk 00:01:44]} Qxe4 {[%clk 00:05:39]} 35. Ra5 {[%clk 00:01:33]} Qd4 {[%clk 00:03:23]} 36. Kh1 {[%clk 00:01:16]} e4 {[%clk 00:03:26]} 37. Nf4 {[%clk 00:00:54]} Qd1+ {[%clk 00:03:30]} 38. Kh2 {[%clk 00:01:23]} Qd6 {[%clk 00:03:54]} 0-1

[Event "MTO - 2023"]
[Site ""]
[Date "2023-07-20"]
[Round "4.13"]
[White "Samadov Read"]
[Black "Dotzer Lukas"]
[Result "1/2-1/2"]
[WhiteTitle "IM"]
[WhiteElo "2482"]
[WhiteCountry "AZE"]
[WhiteFideId "13417444"]
[BlackTitle "FM"]
[BlackElo "2369"]
[BlackCountry "AUT"]
[BlackFideId "1666975"]

1. d4 {[%clk 01:40:56]} Nf6 {[%clk 01:40:55]} 2. c4 {[%clk 01:41:16]} e6 {[%clk 01:41:20]} 3. Nf3 {[%clk 01:41:30]} b6 {[%clk 01:41:45]} 4. g3 {[%clk 01:41:25]} Bb7 {[%clk 01:42:10]} 5. Bg2 {[%clk 01:41:27]} Be7 {[%clk 01:42:33]} 6. O-O {[%clk 01:41:42]} O-O {[%clk 01:43:00]} 7. Re1 {[%clk 01:41:36]} d5 {[%clk 01:43:13]} 8. cxd5 {[%clk 01:38:21]} exd5 {[%clk 01:43:35]} 9. Nc3 {[%clk 01:36:22]} Nbd7 {[%clk 01:43:41]} 10. Bf4 {[%clk 01:33:04]} c5 {[%clk 01:43:48]} 11. Rc1 {[%clk 01:26:40]} Ne4 {[%clk 01:38:32]} 12. dxc5 {[%clk 01:08:44]} Ndxc5 {[%clk 01:29:26]} 13. Be5 {[%clk 01:02:04]} Re8 {[%clk 01:29:01]} 14. Nb5 {[%clk 00:55:43]} Bf8 {[%clk 01:29:02]} 15. b4 {[%clk 00:49:28]} Ne6 {[%clk 01:29:18]} 16. Qb3 {[%clk 00:46:57]} Nd6 {[%clk 01:13:45]} 17. Nxd6 {[%clk 00:45:47]} Bxd6 {[%clk 01:14:08]} 18. Bb2 {[%clk 00:42:55]} a5 {[%clk 01:05:43]} 19. bxa5 {[%clk 00:36:41]} Rxa5 {[%clk 01:05:42]} 20. Bc3 {[%clk 00:33:49]} Ra3 {[%clk 01:00:57]} 21. Qb2 {[%clk 00:32:07]} Qa8 {[%clk 00:47:22]} 22. Qxb6 {[%clk 00:26:16]} Bc5 {[%clk 00:45:12]} 23. Qb1 {[%clk 00:23:17]} d4 {[%clk 00:33:33]} 24. Bd2 {[%clk 00:17:22]} d3 {[%clk 00:18:59]} 25. Rc3 {[%clk 00:16:27]} Rxa2 {[%clk 00:10:36]} 26. Rxd3 {[%clk 00:14:28]} Be4 {[%clk 00:10:03]} 27. Nh4 {[%clk 00:13:07]} Bxd3 {[%clk 00:09:47]} 28. Qxd3 {[%clk 00:13:13]} Qa7 {[%clk 00:09:31]} 29. Rf1 {[%clk 00:12:28]} Ra1 {[%clk 00:05:33]} 30. e3 {[%clk 00:10:53]} Rd8 {[%clk 00:05:00]} 31. Qc3 {[%clk 00:10:32]} Ra3 {[%clk 00:03:13]} 32. Qc1 {[%clk 00:10:18]} Rad3 {[%clk 00:02:53]} 33. Nf3 {[%clk 00:06:49]} Qa2 {[%clk 00:02:14]} 34. Bc3 {[%clk 00:06:40]} Ba3 {[%clk 00:02:04]} 35. Qa1 {[%clk 00:06:54]} Qb3 {[%clk 00:01:21]} 36. Bd4 {[%clk 00:06:52]} Rb8 {[%clk 00:00:54]} 37. Be5 {[%clk 00:05:45]} Bd6 {[%clk 00:00:33]} 38. Qa7 {[%clk 00:05:00]} Rd1 {[%clk 00:00:34]} 39. Bxd6 {[%clk 00:03:29]} Rxd6 {[%clk 00:00:55]} 40. Ne5 {[%clk 00:03:02]} Rf8 {[%clk 00:00:37]} 41. Nd7 {[%clk 00:48:03]} Rc8 {[%clk 00:46:27]} 42. Ne5 {[%clk 00:46:27]} Rc7 {[%clk 00:44:59]} 43. Qa1 {[%clk 00:43:45]} Qc3 {[%clk 00:32:13]} 44. Qa8+ {[%clk 00:40:35]} Rc8 {[%clk 00:25:50]} 45. Qb7 {[%clk 00:37:34]} Qc7 {[%clk 00:24:22]} 46. Qe4 {[%clk 00:34:52]} Nc5 {[%clk 00:21:54]} 47. Qg4 {[%clk 00:33:03]} Re8 {[%clk 00:20:56]} 48. Nf3 {[%clk 00:31:18]} Qd7 {[%clk 00:17:00]} 49. Qc4 {[%clk 00:30:20]} Ne4 {[%clk 00:14:56]} 50. Qc1 {[%clk 00:25:51]} Rc8 {[%clk 00:13:29]} 51. Qe1 {[%clk 00:25:26]} Nc3 {[%clk 00:11:10]} 52. Nd4 {[%clk 00:24:40]} g6 {[%clk 00:07:38]} 53. h4 {[%clk 00:23:06]} Qa4 {[%clk 00:06:55]} 54. Qa1 {[%clk 00:16:16]} Qxa1 {[%clk 00:04:18]} 55. Rxa1 {[%clk 00:16:44]} Rb6 {[%clk 00:02:44]} 56. Rc1 {[%clk 00:15:03]} Rb2 {[%clk 00:02:05]} 57. Bf3 {[%clk 00:14:15]} Rc7 {[%clk 00:01:00]} 58. h5 {[%clk 00:13:29]} Kg7 {[%clk 00:00:47]} 59. Kg2 {[%clk 00:12:59]} Nd5 {[%clk 00:00:38]} 60. Rxc7 {[%clk 00:11:14]} Nxc7 {[%clk 00:00:55]} 61. hxg6 {[%clk 00:09:38]} hxg6 {[%clk 00:01:02]} 62. Kf1 {[%clk 00:08:06]} Na6 {[%clk 00:15:04]} 63. Be4 {[%clk 00:20:02]} Nb4 {[%clk 00:13:57]} 64. Kg2 {[%clk 00:19:23]} f5 {[%clk 00:12:54]} 65. Bf3 {[%clk 00:18:48]} Nd3 {[%clk 00:12:52]} 66. Be2 {[%clk 00:19:10]} Ne1+ {[%clk 00:12:59]} 67. Kg1 {[%clk 00:18:51]} Rb1 {[%clk 00:12:52]} 68. Kh2 {[%clk 00:19:00]} Rb2 {[%clk 00:09:25]} 69. Kg1 {[%clk 00:19:02]} Nc2 {[%clk 00:07:51]} 70. Nxc2 {[%clk 00:18:44]} Rxc2 {[%clk 00:08:14]} 71. Bf3 {[%clk 00:18:50]} g5 {[%clk 00:06:52]} 72. Kg2 {[%clk 00:17:59]} Kf6 {[%clk 00:07:01]} 73. Bb7 {[%clk 00:16:57]} Ke5 {[%clk 00:06:49]} 74. Kf3 {[%clk 00:16:17]} Rc7 {[%clk 00:05:58]} 75. Ba6 {[%clk 00:15:55]} Ra7 {[%clk 00:05:59]} 76. Bd3 {[%clk 00:15:43]} Ra4 {[%clk 00:06:09]} 77. Bc2 {[%clk 00:15:36]} Ra3 {[%clk 00:06:16]} 78. Bb1 {[%clk 00:15:32]} Rc3 {[%clk 00:06:25]} 79. Ba2 {[%clk 00:12:46]} Kd6 {[%clk 00:05:48]} 80. Bb1 {[%clk 00:12:53]} Ke5 {[%clk 00:05:57]} 81. Ba2 {[%clk 00:12:52]} Rc1 {[%clk 00:06:07]} 82. Bf7 {[%clk 00:12:05]} Rg1 {[%clk 00:06:00]} 83. Bc4 {[%clk 00:11:47]} g4+ {[%clk 00:06:00]} 84. Ke2 {[%clk 00:11:46]} Rb1 {[%clk 00:06:01]} 85. Bd3 {[%clk 00:12:12]} Rb2+ {[%clk 00:06:11]} 86. Kf1 {[%clk 00:11:39]} Rd2 {[%clk 00:06:27]} 87. Ba6 {[%clk 00:11:53]} Rb2 {[%clk 00:06:16]} 88. Bd3 {[%clk 00:12:08]} Rd2 {[%clk 00:06:18]} 1/2-1/2

[Event "MTO - 2023"]
[Site ""]
[Date "2023-07-20"]
[Round "4.29"]
[White "Karthik Rajaa"]
[Black "Monteverde Jonathan"]
[Result "1/2-1/2"]
[WhiteTitle "FM"]
[WhiteElo "2276"]
[WhiteCountry "IND"]
[WhiteFideId "25035215"]
[BlackTitle ""]
[BlackElo "2074"]
[BlackCountry "SUI"]
[BlackFideId "1314580"]

1. Nf3 {[%clk 01:36:30]} d5 {[%clk 01:40:54]} 2. d4 {[%clk 01:36:52]} Bf5 {[%clk 01:41:18]} 3. c4 {[%clk 01:37:13]} e6 {[%clk 01:41:44]} 4. Nc3 {[%clk 01:37:35]} Nc6 {[%clk 01:42:10]} 5. Bf4 {[%clk 01:37:46]} Nf6 {[%clk 01:42:34]} 6. e3 {[%clk 01:37:49]} Bb4 {[%clk 01:42:58]} 7. Rc1 {[%clk 01:38:06]} O-O {[%clk 01:43:05]} 8. a3 {[%clk 01:29:31]} Bxc3+ {[%clk 01:43:29]} 9. Rxc3 {[%clk 01:29:52]} Ne7 {[%clk 01:43:53]} 10. Rc1 {[%clk 01:11:32]} Ne4 {[%clk 01:42:15]} 11. Nd2 {[%clk 01:04:35]} c5 {[%clk 01:09:14]} 12. Nxe4 {[%clk 01:03:29]} Bxe4 {[%clk 01:06:13]} 13. f3 {[%clk 01:03:21]} Bg6 {[%clk 01:06:21]} 14. dxc5 {[%clk 01:01:38]} Qa5+ {[%clk 01:03:13]} 15. Qd2 {[%clk 00:59:43]} Qxc5 {[%clk 01:00:49]} 16. b4 {[%clk 00:56:56]} Qc6 {[%clk 00:57:44]} 17. c5 {[%clk 00:50:50]} Qa4 {[%clk 00:51:52]} 18. h4 {[%clk 00:42:16]} h5 {[%clk 00:50:07]} 19. Be2 {[%clk 00:33:30]} Qxa3 {[%clk 00:38:30]} 20. Kf2 {[%clk 00:31:49]} a5 {[%clk 00:38:33]} 21. Bd6 {[%clk 00:29:11]} Rfe8 {[%clk 00:38:56]} 22. Bxe7 {[%clk 00:09:29]} Rxe7 {[%clk 00:39:21]} 23. Ra1 {[%clk 00:09:55]} Qb3 {[%clk 00:39:38]} 24. Rhc1 {[%clk 00:08:37]} Ree8 {[%clk 00:31:13]} 25. bxa5 {[%clk 00:09:00]} Rec8 {[%clk 00:30:45]} 26. f4 {[%clk 00:05:43]} Rc6 {[%clk 00:27:58]} 27. Qd4 {[%clk 00:05:24]} f6 {[%clk 00:22:33]} 28. Bd1 {[%clk 00:04:42]} Qd3 {[%clk 00:22:24]} 29. Qb4 {[%clk 00:03:44]} Qa6 {[%clk 00:19:15]} 30. Ba4 {[%clk 00:03:01]} Rc7 {[%clk 00:18:24]} 31. Bb5 {[%clk 00:18:02]} Qa7 {[%clk 00:25:55]} 32. Be2 {[%clk 00:17:26]} Rc6 {[%clk 00:09:21]} 33. Bb5 {[%clk 00:00:00]} Rc7 {[%clk 00:00:00]} 34. a6 {[%clk 00:00:00]} bxa6 {[%clk 00:00:00]} 35. Rxa6 {[%clk 00:00:00]} Qb8 {[%clk 00:00:00]} 36. Rxa8 {[%clk 00:00:00]} Qxa8 {[%clk 00:00:00]} 37. Be2 {[%clk 00:00:00]} Qc8 {[%clk 00:00:00]} 38. Qd4 {[%clk 00:00:00]} Bf7 {[%clk 00:00:00]} 39. Bf3 {[%clk 00:00:00]} Qe8 {[%clk 00:00:00]} 40. Qd1 {[%clk 00:00:00]} Qb5 {[%clk 00:00:00]} 41. Be2 {[%clk 00:00:00]} Qe8 {[%clk 00:00:00]} 42. Qd2 {[%clk 00:00:00]} e5 {[%clk 00:00:00]} 43. Qa5 {[%clk 00:00:00]} Qd8 {[%clk 00:00:00]} 44. Qc3 {[%clk 00:00:00]} Qe7 {[%clk 00:00:00]} 45. Bf3 {[%clk 00:00:00]} Rc8 {[%clk 00:00:00]} 46. Kg3 {[%clk 00:00:00]} Rc7 {[%clk 00:00:00]} 47. Qd2 {[%clk 00:00:00]} Qd7 {[%clk 00:00:00]} 48. Qb2 {[%clk 00:00:00]} Qe7 {[%clk 00:00:00]} 49. Qb8+ {[%clk 00:00:00]} Kh7 {[%clk 00:00:00]} 50. Qb6 {[%clk 00:00:00]} exf4+ {[%clk 00:00:00]} 51. exf4 {[%clk 00:00:00]} d4 {[%clk 00:00:00]} 52. Qd6 {[%clk 00:00:00]} Qe3 {[%clk 00:00:00]} 53. Rd1 {[%clk 00:00:00]} Rc8 {[%clk 00:00:00]} 54. c6 {[%clk 00:00:00]} Be8 {[%clk 00:00:00]} 55. c7 {[%clk 00:00:00]} Qc3 {[%clk 00:00:00]} 56. Qe6 {[%clk 00:00:00]} Qxc7 {[%clk 00:00:00]} 57. Rxd4 {[%clk 00:00:00]} Qc3 {[%clk 00:00:00]} 58. Rd1 {[%clk 00:00:00]} Bg6 {[%clk 00:00:00]} 59. Qd5 {[%clk 00:00:00]} Qe3 {[%clk 00:00:00]} 60. Qd2 {[%clk 00:00:00]} Qxd2 {[%clk 00:00:00]} 61. Rxd2 {[%clk 00:00:00]} Rc7 {[%clk 00:00:00]} 62. Rd5 {[%clk 00:00:00]} Bf7 {[%clk 00:00:00]} 63. Rd8 {[%clk 00:00:00]} g6 {[%clk 00:00:00]} 64. Ra8 {[%clk 00:00:00]} Kg7 {[%clk 00:00:00]} 65. Rb8 {[%clk 00:00:00]} Rd7 {[%clk 00:00:00]} 66. Kf2 {[%clk 00:00:00]} Re7 {[%clk 00:00:00]} 67. Rb7 {[%clk 00:00:00]} Rxb7 {[%clk 00:00:00]} 68. Bxb7 {[%clk 00:00:00]} g5 {[%clk 00:00:00]} 69. g3 {[%clk 00:00:00]} gxh4 {[%clk 00:00:00]} 70. gxh4 {[%clk 00:00:00]} Kf8 {[%clk 00:00:00]} 71. Ke3 {[%clk 00:00:00]} Ke7 {[%clk 00:00:00]} 72. Kd4 {[%clk 00:00:00]} Kd6 {[%clk 00:00:00]} 73. Bf3 {[%clk 00:00:00]} Bg6 {[%clk 00:00:00]} 74. Bd5 {[%clk 00:00:00]} Be8 {[%clk 00:00:00]} 75. Bb3 {[%clk 00:00:00]} Bg6 {[%clk 00:00:00]} 76. Bg8 {[%clk 00:00:00]} Kc6 {[%clk 00:00:00]} 77. Bd5+ {[%clk 00:00:00]} Kd6 {[%clk 00:00:00]} 78. Bg8 {[%clk 00:00:00]} Kc6 {[%clk 00:00:00]} 79. Bd5+ {[%clk 00:00:00]} Kd6 {[%clk 00:00:00]} 1/2-1/2

[Event "MTO - 2023"]
[Site ""]
[Date "2023-07-20"]
[Round "4.32"]
[White "Abdulrahman Mohammad Al Taher"]
[Black "Adam Rafael"]
[Result "1/2-1/2"]
[WhiteTitle "FM"]
[WhiteElo "2258"]
[WhiteCountry "UAE"]
[WhiteFideId "9310258"]
[BlackTitle ""]
[BlackElo "2117"]
[BlackCountry "CAN"]
[BlackFideId "2630958"]

1. d4 {[%clk 01:40:48]} Nf6 {[%clk 01:40:51]} 2. c4 {[%clk 01:41:00]} e6 {[%clk 01:41:13]} 3. Nc3 {[%clk 01:41:18]} Bb4 {[%clk 01:41:32]} 4. e3 {[%clk 01:41:20]} O-O {[%clk 01:41:46]} 5. Bd3 {[%clk 01:41:15]} d5 {[%clk 01:41:58]} 6. cxd5 {[%clk 01:41:27]} exd5 {[%clk 01:42:21]} 7. Ne2 {[%clk 01:41:34]} Re8 {[%clk 01:42:36]} 8. O-O {[%clk 01:41:49]} Bd6 {[%clk 01:42:50]} 9. Qc2 {[%clk 01:40:53]} Na6 {[%clk 01:43:05]} 10. a3 {[%clk 01:38:14]} c5 {[%clk 01:43:21]} 11. Bb5 {[%clk 01:31:58]} Bd7 {[%clk 01:43:36]} 12. Bxd7 {[%clk 01:29:51]} Qxd7 {[%clk 01:43:50]} 13. dxc5 {[%clk 01:28:26]} Nxc5 {[%clk 01:44:06]} 14. b4 {[%clk 01:19:53]} Ne6 {[%clk 01:44:25]} 15. Bb2 {[%clk 01:18:46]} a5 {[%clk 01:43:34]} 16. bxa5 {[%clk 01:15:49]} Rxa5 {[%clk 01:39:54]} 17. Ng3 {[%clk 01:13:39]} Qc6 {[%clk 01:22:56]} 18. Qd2 {[%clk 01:06:34]} Rc5 {[%clk 01:18:53]} 19. Rac1 {[%clk 00:57:28]} d4 {[%clk 00:59:53]} 20. Nce2 {[%clk 00:49:27]} dxe3 {[%clk 00:58:22]} 21. fxe3 {[%clk 00:43:46]} Qd5 {[%clk 00:40:11]} 22. Rcd1 {[%clk 00:34:53]} Qxd2 {[%clk 00:39:06]} 23. Rxd2 {[%clk 00:35:22]} Be5 {[%clk 00:36:04]} 24. Nf4 {[%clk 00:30:05]} Bxb2 {[%clk 00:32:48]} 25. Nxe6 {[%clk 00:26:33]} Rxe6 {[%clk 00:32:17]} 26. Rxb2 {[%clk 00:26:57]} Rc3 {[%clk 00:20:53]} 27. Rxb7 {[%clk 00:25:54]} Rxa3 {[%clk 00:15:26]} 28. e4 {[%clk 00:24:55]} Ra8 {[%clk 00:14:19]} 29. h3 {[%clk 00:24:32]} 1/2-1/2

[Event "MTO - 2023"]
[Site ""]
[Date "2023-07-20"]
[Round "4.42"]
[White "Ermitsch Magnus"]
[Black "Hornung Hans Dr."]
[Result "1-0"]
[WhiteTitle "FM"]
[WhiteElo "2232"]
[WhiteCountry "GER"]
[WhiteFideId "16234464"]
[BlackTitle ""]
[BlackElo "2047"]
[BlackCountry "GER"]
[BlackFideId "4615140"]

1. e4 {[%clk 01:40:56]} d5 {[%clk 01:37:47]} 2. exd5 {[%clk 01:41:10]} Nf6 {[%clk 01:37:38]} 3. d4 {[%clk 01:41:26]} Nxd5 {[%clk 01:37:56]} 4. c4 {[%clk 01:41:28]} Nb6 {[%clk 01:38:15]} 5. Nc3 {[%clk 01:41:19]} e5 {[%clk 01:38:01]} 6. Qe2 {[%clk 01:26:32]} Be7 {[%clk 01:24:54]} 7. dxe5 {[%clk 01:24:06]} Nc6 {[%clk 01:19:27]} 8. Be3 {[%clk 01:22:31]} O-O {[%clk 01:12:22]} 9. Rd1 {[%clk 01:21:30]} Qe8 {[%clk 01:12:30]} 10. f4 {[%clk 01:15:07]} Bb4 {[%clk 01:00:18]} 11. Qc2 {[%clk 01:02:02]} f6 {[%clk 00:56:18]} 12. Bd3 {[%clk 01:01:18]} fxe5 {[%clk 00:54:30]} 13. Bxh7+ {[%clk 00:59:48]} Kh8 {[%clk 00:54:42]} 14. Bg6 {[%clk 00:58:00]} Qe7 {[%clk 00:53:32]} 15. Qe2 {[%clk 00:50:41]} Rf5 {[%clk 00:52:02]} 16. Bxf5 {[%clk 00:39:19]} Bxf5 {[%clk 00:45:49]} 17. Qh5+ {[%clk 00:32:03]} Bh7 {[%clk 00:46:09]} 18. Bxb6 {[%clk 00:31:26]} axb6 {[%clk 00:45:59]} 19. Ne2 {[%clk 00:31:47]} Bc5 {[%clk 00:39:44]} 20. Nd5 {[%clk 00:30:19]} Bb4+ {[%clk 00:33:19]} 21. Nec3 {[%clk 00:27:23]} Qc5 {[%clk 00:32:44]} 22. a3 {[%clk 00:17:21]} Bxc3+ {[%clk 00:32:31]} 23. Nxc3 {[%clk 00:17:35]} Qe3+ {[%clk 00:30:40]} 24. Qe2 {[%clk 00:16:47]} Qxf4 {[%clk 00:30:34]} 25. Nd5 {[%clk 00:15:55]} Qh4+ {[%clk 00:28:39]} 26. g3 {[%clk 00:16:02]} Qh3 {[%clk 00:28:26]} 27. Rf1 {[%clk 00:15:09]} Nd4 {[%clk 00:27:22]} 28. Qxe5 {[%clk 00:13:30]} Nc2+ {[%clk 00:23:56]} 29. Kd2 {[%clk 00:12:52]} Qxh2+ {[%clk 00:17:25]} 30. Qe2 {[%clk 00:12:27]} Qxg3 {[%clk 00:16:02]} 31. Rh1 {[%clk 00:11:36]} Qg6 {[%clk 00:11:43]} 32. Qh5 {[%clk 00:10:09]} Qxh5 {[%clk 00:08:17]} 33. Rxh5 {[%clk 00:10:32]} 1-0

[Event "MTO - 2023"]
[Site ""]
[Date "2023-07-20"]
[Round "4.48"]
[White "Ammar Sedrani"]
[Black "Giacomini Hector"]
[Result "1-0"]
[WhiteTitle "FM"]
[WhiteElo "2154"]
[WhiteCountry "UAE"]
[WhiteFideId "9312331"]
[BlackTitle ""]
[BlackElo "2126"]
[BlackCountry "FRA"]
[BlackFideId "605352"]

1. d4 {[%clk 01:40:55]} d5 {[%clk 01:37:47]} 2. c4 {[%clk 01:41:10]} e6 {[%clk 01:38:13]} 3. Nc3 {[%clk 01:41:34]} Nf6 {[%clk 01:38:38]} 4. cxd5 {[%clk 01:41:58]} exd5 {[%clk 01:39:03]} 5. Bg5 {[%clk 01:42:21]} Be7 {[%clk 01:39:26]} 6. e3 {[%clk 01:42:43]} O-O {[%clk 01:39:49]} 7. Bd3 {[%clk 01:42:59]} Nbd7 {[%clk 01:40:08]} 8. Qc2 {[%clk 01:43:12]} c6 {[%clk 01:40:28]} 9. Nf3 {[%clk 01:43:56]} Re8 {[%clk 01:40:41]} 10. h3 {[%clk 01:42:44]} Nf8 {[%clk 01:38:51]} 11. O-O {[%clk 01:42:44]} Ng6 {[%clk 01:38:51]} 12. Ne5 {[%clk 01:42:44]} Nd7 {[%clk 01:38:51]} 13. Bxe7 {[%clk 01:42:44]} Qxe7 {[%clk 01:38:51]} 14. f4 {[%clk 01:42:44]} Ndxe5 {[%clk 01:38:51]} 15. dxe5 {[%clk 01:42:44]} f6 {[%clk 01:35:38]} 16. exf6 {[%clk 01:42:53]} Qxf6 {[%clk 01:35:38]} 17. Rae1 {[%clk 01:42:53]} Bd7 {[%clk 01:35:38]} 18. Kh2 {[%clk 01:42:37]} Kh8 {[%clk 01:34:23]} 19. g3 {[%clk 01:42:26]} Ne7 {[%clk 01:33:44]} 20. e4 {[%clk 01:40:04]} Qh6 {[%clk 01:33:26]} 21. h4 {[%clk 01:17:17]} dxe4 {[%clk 00:55:45]} 22. Nxe4 {[%clk 01:16:57]} Bf5 {[%clk 00:54:43]} 23. Ng5 {[%clk 01:12:36]} Qg6 {[%clk 00:54:27]} 24. Qb3 {[%clk 01:05:02]} Nd5 {[%clk 00:42:17]} 25. Bxf5 {[%clk 00:57:27]} Qxf5 {[%clk 00:42:41]} 26. Qxb7 {[%clk 00:53:03]} Reb8 {[%clk 00:23:33]} 27. Qxc6 {[%clk 00:49:33]} Rxb2+ {[%clk 00:23:56]} 28. Kh1 {[%clk 00:43:45]} Rf8 {[%clk 00:23:41]} 29. Re8 {[%clk 00:24:39]} Rb8 {[%clk 00:23:57]} 30. Rfe1 {[%clk 00:20:55]} Nf6 {[%clk 00:23:05]} 31. Rxf8+ {[%clk 00:13:17]} Rxf8 {[%clk 00:22:35]} 32. Qe6 {[%clk 00:13:24]} Qxe6 {[%clk 00:17:22]} 33. Rxe6 {[%clk 00:13:51]} h6 {[%clk 00:17:14]} 34. Ne4 {[%clk 00:14:13]} Ng4 {[%clk 00:13:59]} 35. Kg2 {[%clk 00:12:56]} Rc8 {[%clk 00:09:48]} 36. Kf3 {[%clk 00:00:00]} Nh2+ {[%clk 00:00:00]} 37. Ke3 {[%clk 00:00:00]} Rc7 {[%clk 00:00:00]} 38. Ra6 {[%clk 00:00:00]} Kg8 {[%clk 00:00:00]} 39. Kd4 {[%clk 00:00:00]} Kf8 {[%clk 00:00:00]} 40. Kd5 {[%clk 00:00:00]} Ke7 {[%clk 00:00:00]} 41. Re6+ {[%clk 00:00:00]} Kf7 {[%clk 00:00:00]} 42. Rc6 {[%clk 00:00:00]} Rxc6 {[%clk 00:00:00]} 43. Kxc6 {[%clk 00:00:00]} Ke6 {[%clk 00:00:00]} 44. a4 {[%clk 00:00:00]} Kf5 {[%clk 00:00:00]} 45. Nf2 {[%clk 00:00:00]} Nf1 {[%clk 00:00:00]} 46. a5 {[%clk 00:00:00]} Nxg3 {[%clk 00:00:00]} 47. Kb7 {[%clk 00:00:00]} Kxf4 {[%clk 00:00:00]} 48. Kxa7 {[%clk 00:00:00]} Nf5 {[%clk 00:00:00]} 49. Kb8 {[%clk 00:00:00]} Nd4 {[%clk 00:00:00]} 50. a6 {[%clk 00:00:00]} g5 {[%clk 00:00:00]} 51. Kb7 {[%clk 00:00:00]} Nb5 {[%clk 00:00:00]} 52. hxg5 {[%clk 00:00:00]} hxg5 {[%clk 00:00:00]} 53. Kb6 {[%clk 00:00:00]} Nd6 {[%clk 00:00:00]} 54. Nd3+ {[%clk 00:00:00]} Ke4 {[%clk 00:00:00]} 55. Kc6 {[%clk 00:00:00]} Nc8 {[%clk 00:00:00]} 56. Nc5+ {[%clk 00:00:00]} Ke5 {[%clk 00:00:00]} 57. Kc7 {[%clk 00:00:00]} Na7 {[%clk 00:00:00]} 58. Kb7 {[%clk 00:00:00]} Nb5 {[%clk 00:00:00]} 59. Kb6 {[%clk 00:00:00]} Nd6 {[%clk 00:00:00]} 60. Nd3+ {[%clk 00:00:00]} Ke6 {[%clk 00:00:00]} 61. Kc6 {[%clk 00:00:00]} Nc8 {[%clk 00:00:00]} 62. Nc5+ {[%clk 00:00:00]} Ke7 {[%clk 00:00:00]} 63. Kc7 {[%clk 00:00:00]} Na7 {[%clk 00:00:00]} 64. Kb7 {[%clk 00:00:00]} Nb5 {[%clk 00:00:00]} 65. Kb6 {[%clk 00:00:00]} Nd6 {[%clk 00:00:00]} 66. Ne4 {[%clk 00:00:00]} Nxe4 {[%clk 00:00:00]} 67. a7 {[%clk 00:00:00]} Kd6 {[%clk 00:00:00]} 68. a8=Q {[%clk 00:00:00]} Ke5 {[%clk 00:00:00]} 69. Qa1+ {[%clk 00:00:00]} Kf4 {[%clk 00:00:00]} 70. Qf1+ {[%clk 00:00:00]} Ke3 {[%clk 00:00:00]} 71. Qf5 {[%clk 00:00:00]} 1-0